Financial management : (Record no. 1217)

MARC details
000 -LEADER
fixed length control field 00688nam a22002057a 4500
003 - CONTROL NUMBER IDENTIFIER
control field OSt
005 - DATE AND TIME OF LATEST TRANSACTION
control field 20240624053408.0
008 - FIXED-LENGTH DATA ELEMENTS--GENERAL INFORMATION
fixed length control field 240624b |||||||| |||| 00| 0 eng d
020 ## - INTERNATIONAL STANDARD BOOK NUMBER
International Standard Book Number 9786214160648
040 ## - CATALOGING SOURCE
Original cataloging agency DWC- Main Lib
Transcribing agency OC
082 ## - DEWEY DECIMAL CLASSIFICATION NUMBER
Classification number Fil. 658.15 C117f 2019
100 ## - MAIN ENTRY--PERSONAL NAME
Personal name Cabrera , Ma. Elenita Balatbat
245 ## - TITLE STATEMENT
Title Financial management :
Remainder of title comprehensive volume /
Statement of responsibility, etc. Ma. Elenita Balatbat Cabrera.
250 ## - EDITION STATEMENT
Edition statement 2019-2020 edition
260 ## - PUBLICATION, DISTRIBUTION, ETC.
Place of publication, distribution, etc. Manila, Philippines :
Name of publisher, distributor, etc. GIC Enterprises & Co., Inc.,
Date of publication, distribution, etc. c2019.
300 ## - PHYSICAL DESCRIPTION
Extent xvi , 631 pages :
Other physical details illustrations ;
Dimensions 23cm.
504 ## - BIBLIOGRAPHY, ETC. NOTE
Bibliography, etc. note Includes appendices and glossary.
650 ## - SUBJECT ADDED ENTRY--TOPICAL TERM
Topical term or geographic name entry element 1. Corporation- finance
942 ## - ADDED ENTRY ELEMENTS (KOHA)
Source of classification or shelving scheme Dewey Decimal Classification
Koha item type Book-Filipiniana
Suppress in OPAC Yes
952 ## - LOCATION AND ITEM INFORMATION (KOHA)
--
952 ## - LOCATION AND ITEM INFORMATION (KOHA)
--
952 ## - LOCATION AND ITEM INFORMATION (KOHA)
--
Holdings
Withdrawn status Lost status Source of classification or shelving scheme Damaged status Not for loan Home library Current library Date acquired Source of acquisition Cost, normal purchase price Total Checkouts Full call number Barcode Date last seen Copy number Price effective from Koha item type Uniform Resource Identifier
    Dewey Decimal Classification     College Library College Library 01/24/2020 School Fund 600.00   Fil. 658.15 C117f 2019 52431 06/24/2024 c1 06/24/2024 BK - FIL
    Dewey Decimal Classification     College Library College Library 01/24/2020 School Fund 600.00   Fil. 658.15 C117f 2019 52432 06/24/2024 c2 06/24/2024 BK - FIL
    Dewey Decimal Classification     College Library College Library 01/24/2020 School Fund 600.00   Fil. 658.15 C117f 2019 52433 06/24/2024 c3 06/24/2024 BK - FIL